LEADER 01031nam0-2200373---450- 001 990000845500203316 005 20050404133603.0 035 $a0084550 035 $aUSA010084550 035 $a(ALEPH)000084550USA01 035 $a0084550 100 $a20020107d1973----||ita|01 ba 101 $aita 102 $aIT 105 $a|||| ||||| 200 1 $a<> sistemi di parentela$fFrancesco Remotti 210 $aTorino$cLoescher$d1973 215 $a321 p$d19 cm 225 $aScienze sociali$v5 410 1$12001$aScienze sociali$v5 606 0 $aParentela 676 $a306.83 702 1$aREMOTTI,$bFrancesco 801 0$aIT$bsalbc$gISBD 912 $a990000845500203316 951 $aIII.2. 344(III D COLL. 14/5)$b116699 LM$cIII D COLL. 959 $aBK 969 $aUMA 979 $aPATTY$b90$c20020107$lUSA01$h1015 979 $c20020403$lUSA01$h1730 979 $aPATRY$b90$c20040406$lUSA01$h1658 979 $aCOPAT3$b90$c20050404$lUSA01$h1336 996 $aSistemi di parentela$9968159 997 $aUNISA LEADER 01581oam 2200457zu 450 001 996198429003316 005 20210807001336.0 010 $a966-02-5904-2 035 $a(CKB)2670000000131599 035 $a(SSID)ssj0000669131 035 $a(PQKBManifestationID)12310504 035 $a(PQKBTitleCode)TC0000669131 035 $a(PQKBWorkID)10703961 035 $a(PQKB)11470792 035 $a(EXLCZ)992670000000131599 100 $a20160829d2011 uy 101 0 $aeng 181 $ctxt 182 $cc 183 $acr 200 10$a2011 XVth International Seminar/Workshop on Direct and Inverse Problems of Electromagnetic and Acoustic Wave Theory 210 31$a[Place of publication not identified]$cIEEE$d2011 300 $aBibliographic Level Mode of Issuance: Monograph 311 $a1-4577-0897-3 606 $aElectromagnetic waves$xScattering$vCongresses 606 $aSound-waves$vCongresses 606 $aPhysics$2HILCC 606 $aPhysical Sciences & Mathematics$2HILCC 606 $aElectricity & Magnetism$2HILCC 615 0$aElectromagnetic waves$xScattering 615 0$aSound-waves 615 7$aPhysics 615 7$aPhysical Sciences & Mathematics 615 7$aElectricity & Magnetism 712 02$aInstitute of Electrical and Electronics Engineers 712 12$aInternational Seminar/Workshop on Direct and Inverse Problems of Electromagnetic and Acoustic Wave Theory 801 0$bPQKB 906 $aPROCEEDING 912 $a996198429003316 996 $a2011 XVth International Seminar$92524695 997 $aUNISA